Jantung dan darah

Bibliographic Details
Main Author: Parker, Steve
Format: Book
Published: Kuala Lumpur : Federal Publications Sdn.Bhd. , 1996
Subjects:

MARC

LEADER 00000cam a2200000 7i4500
001 0000009676
002 000010540
005 20011127.0
020 |a 9835800014 
090 0 0 |a 612   |b PAR 
100 1 |a Parker, Steve 
245 1 0 |a Jantung dan darah   |c Steve Parker 
260 |a Kuala Lumpur :   |b Federal Publications Sdn.Bhd. ,   |c 1996 
300 |a 47p. ;   |c 25cm. 
650 0 0 |a Hearts   |x Juvenile literature 
999 |a 077413   |b BUKU   |c PINJAMAN   |e PERPUSTAKAAN KOMUNITI PETALING JAYA